|
|
|
|
| LEADER |
02518nam a22003853i 4500 |
| 001 |
EBC5447345 |
| 003 |
MiAaPQ |
| 005 |
20231204023214.0 |
| 006 |
m o d | |
| 007 |
cr cnu|||||||| |
| 008 |
231204s2018 xx o ||||0 ger d |
| 020 |
|
|
|a 9783110563436
|q (electronic bk.)
|
| 020 |
|
|
|z 9783110563429
|
| 035 |
|
|
|a (MiAaPQ)EBC5447345
|
| 035 |
|
|
|a (Au-PeEL)EBL5447345
|
| 035 |
|
|
|a (OCoLC)1059258145
|
| 040 |
|
|
|a MiAaPQ
|b eng
|e rda
|e pn
|c MiAaPQ
|d MiAaPQ
|
| 050 |
|
4 |
|a BD331.W566 2018
|
| 100 |
1 |
|
|a Felder, Ekkehard.
|
| 245 |
1 |
0 |
|a Wirklichkeit Oder Konstruktion? :
|b Sprachtheoretische und Interdisziplinäre Aspekte Einer Brisanten Alternative.
|
| 250 |
|
|
|a 1st ed.
|
| 264 |
|
1 |
|a Berlin/Boston :
|b Walter de Gruyter GmbH,
|c 2018.
|
| 264 |
|
4 |
|c {copy}2018.
|
| 300 |
|
|
|a 1 online resource (410 pages)
|
| 336 |
|
|
|a text
|b txt
|2 rdacontent
|
| 337 |
|
|
|a computer
|b c
|2 rdamedia
|
| 338 |
|
|
|a online resource
|b cr
|2 rdacarrier
|
| 505 |
0 |
|
|a Intro -- Vorwort -- Inhaltsverzeichnis -- Wort und Welt. Konstruktivismus und Realismus in der Sprachtheorie -- Der Neue Realismus zwischen Konstruktion und Wirklichkeit -- The Philosophy of Perception and the Bad Argument -- Der Blick des Kritikers -- Wie wirklich ist die Wirklichkeit? -- Realitäten in der Wirklichkeit -- Rechtssprache zwischen Ideal und Wirklichkeit -- Gott - bewusst gemacht oder bewusstgemacht? -- Können wir mit Engeln sprechen? -- Wahrnehmung und Erkenntnis: Grundzüge einer neurobiologisch fundierten Erkenntnistheorie -- Die gemeinsame Wahrnehmung der Wirklichkeit -- Von der Sprache zur (Konstruktion von) Wirklichkeit -- Konstruiert oder real? -- „Outthereness" -- Begriffsrealismus als sprachwissenschaftliches Problem -- ‚Betrachten der Wirklichkeit' und politisches Framing -- Wahrheit und Wissen zwischen Wirklichkeit und Konstruktion: Freiheiten und Zwänge beim sprachlichen Handeln -- Kurzbiographien.
|
| 588 |
|
|
|a Description based on publisher supplied metadata and other sources.
|
| 590 |
|
|
|a Electronic reproduction. Ann Arbor, Michigan : ProQuest Ebook Central, 2023. Available via World Wide Web. Access may be limited to ProQuest Ebook Central affiliated libraries.
|
| 655 |
|
4 |
|a Electronic books.
|
| 700 |
1 |
|
|a Gardt, Andreas.
|
| 776 |
0 |
8 |
|i Print version:
|a Felder, Ekkehard
|t Wirklichkeit Oder Konstruktion?
|d Berlin/Boston : Walter de Gruyter GmbH,c2018
|z 9783110563429
|
| 797 |
2 |
|
|a ProQuest (Firm)
|
| 856 |
4 |
0 |
|u https://ebookcentral.proquest.com/lib/matrademy/detail.action?docID=5447345
|z Click to View
|